[Event "Mecklenburg VP Verbandsliga 2122"]
[Site "Mecklenburg VP"]
[Date "2022.03.06"]
[Round "6.2"]
[White "Borchert, Chris"]
[Black "Gazizov, Max"]
[Result "0-1"]
[WhiteElo "2143"]
[BlackElo "1689"]
[PlyCount "61"]
[EventDate "2021.10.24"]
[EventType "team-tourn"]
[EventRounds "9"]
[EventCountry "GER"]
[SourceTitle "EXT 2024"]
[Source "ChessBase"]
[SourceDate "2023.10.10"]
[SourceVersion "1"]
[SourceVersionDate "2023.10.10"]
[SourceQuality "1"]
[WhiteTeam "Wismar ASV Gruen-Weiss"]
[BlackTeam "Think Rochade"]
[WhiteTeamCountry "GER"]
[BlackTeamCountry "GER"]

1. d4 Nf6 2. Nf3 g6 3. Bf4 d6 4. Nbd2 Bg7 5. e3 0-0 6. Bd3 Nfd7 7. c3 e5 8. Bg5 f6 9. Bh4 Nc6 10. Qc2 Ne7 11. 0-0-0 c6 12. dxe5 fxe5 13. e4 Nc5 14. Nc4 d5 15. Ncxe5 g5 16. Bxg5 Qc7 17. exd5 Bxe5 18. Bxh7+ Kh8 19. Nxe5 Qxe5 20. f4 Qg7 21. g4 Nxd5 22. Rxd5 cxd5 23. Bg6 Bxg4 24. Rg1 Bf3 25. Qf2 Qxg6 26. Qxf3 Nd3+ 27. Kd2 Nxf4 28. Bxf4 Rxf4 29. Qe3 Qe4 30. Qg3 Rf7 31. Kd1 0-1

[Event "Rostock SSC op 18th"]
[Site "Rostock"]
[Date "2019.08.11"]
[Round "7"]
[White "Raitza, Egon"]
[Black "Gazizov, Max"]
[Result "0-1"]
[WhiteElo "1763"]
[BlackElo "1670"]
[PlyCount "56"]
[EventDate "2019.08.07"]
[EventType "swiss"]
[EventRounds "7"]
[EventCountry "GER"]
[SourceTitle "EXT 2020"]
[Source "ChessBase"]
[SourceDate "2019.10.17"]
[SourceVersion "1"]
[SourceVersionDate "2019.10.17"]
[SourceQuality "1"]

1. d4 Nf6 2. c4 c5 3. e3 cxd4 4. exd4 d5 5. Nf3 Nc6 6. Nc3 Bg4 7. cxd5 Nxd5 8. Be2 e6 9. 0-0 Bb4 10. Nxd5 Qxd5 11. Be3 0-0 12. a3 Bd6 13. h3 Bh5 14. Rc1 a6 15. Qd2 Bc7 16. Rc5 Bxf3 17. Rxd5 Bxd5 18. Rc1 Rac8 19. Bd3 f5 20. Bf4 Bb6 21. Bd6 Rfd8 22. Bc5 Bc7 23. a4 b6 24. Ba3 Nxd4 25. Qe1 Bf4 26. Rxc8 Rxc8 27. Qb4 Rc1+ 28. Bf1 Ne2+ 0-1

[Event "Rostock SSC op 18th"]
[Site "Rostock"]
[Date "2019.08.10"]
[Round "6"]
[White "Gazizov, Max"]
[Black "Baumast, Bernd"]
[Result "1-0"]
[WhiteElo "1670"]
[BlackElo "1523"]
[PlyCount "77"]
[EventDate "2019.08.07"]
[EventType "swiss"]
[EventRounds "7"]
[EventCountry "GER"]
[SourceTitle "EXT 2020"]
[Source "ChessBase"]
[SourceDate "2019.10.17"]
[SourceVersion "1"]
[SourceVersionDate "2019.10.17"]
[SourceQuality "1"]

1. d4 Nf6 2. c4 e6 3. Nc3 d5 4. cxd5 Nxd5 5. e4 Nxc3 6. bxc3 c5 7. Nf3 cxd4 8. cxd4 Bb4+ 9. Bd2 Bxd2+ 10. Qxd2 0-0 11. Bd3 Nc6 12. e5 Qa5 13. Qxa5 Nxa5 14. 0-0 h6 15. Rfc1 Rd8 16. Be4 Bd7 17. Rab1 Rac8 18. Rxc8 Rxc8 19. Kf1 g6 20. Ke2 Bc6 21. Bxc6 Rxc6 22. Kd3 b6 23. Nd2 Kg7 24. Ne4 Nc4 25. Rb4 Na5 26. Nd6 Rc1 27. Rb2 Rd1+ 28. Ke3 Rc1 29. Kd2 Rc6 30. Kd3 Kf8 31. Nb5 a6 32. Nd6 b5 33. a4 Rb6 34. axb5 axb5 35. Ra2 Nc6 36. Ra8+ Kg7 37. Ne8+ Kf8 38. Nf6+ Ke7 39. Re8# 1-0

[Event "Mecklenburg VP-ch U16"]
[Site "Malchow"]
[Date "2019.02.03"]
[Round "3.1"]
[White "Gazizov, Max"]
[Black "Fromm, Marius"]
[Result "0-1"]
[WhiteElo "1670"]
[BlackElo "2069"]
[PlyCount "42"]
[EventDate "2019.02.02"]
[EventType "swiss"]
[EventRounds "7"]
[EventCountry "GER"]
[SourceTitle "EXT 2022"]
[Source "ChessBase"]
[SourceDate "2021.10.06"]
[SourceVersion "1"]
[SourceVersionDate "2021.10.06"]
[SourceQuality "1"]

1. d4 d5 2. c4 c6 3. Nc3 Nf6 4. Nf3 dxc4 5. a4 Bf5 6. e3 e6 7. Bxc4 Nbd7 8. 0-0 Bb4 9. Bd3 Bxd3 10. Qxd3 0-0 11. e4 Bxc3 12. bxc3 Nc5 13. Qc2 Ncxe4 14. Re1 Nd6 15. Bg5 h6 16. Bh4 Nf5 17. Bxf6 Qxf6 18. Ne5 Rfd8 19. Re4 Rac8 20. Rf4 Nxd4 21. Qe4 Qxf4 0-1

[Event "Rostock SSC op 17th"]
[Site "Rostock"]
[Date "2018.07.11"]
[Round "1.16"]
[White "Gazizov, Max"]
[Black "Schoenrock, Ruediger"]
[Result "1-0"]
[WhiteElo "1571"]
[BlackElo "2009"]
[PlyCount "67"]
[EventDate "2018.07.11"]
[EventType "swiss"]
[EventRounds "7"]
[EventCountry "GER"]
[SourceTitle "EXT 2019"]
[Source "ChessBase"]
[SourceDate "2018.10.10"]
[SourceVersion "1"]
[SourceVersionDate "2018.10.10"]
[SourceQuality "1"]

1. d4 d5 2. c4 c6 3. Nc3 Nf6 4. Nf3 dxc4 5. a4 Na6 6. e3 Be6 7. Be2 g6 8. 0-0 Bg7 9. Ng5 Qd7 10. e4 Rd8 11. Be3 0-0 12. Qb1 Nb4 13. e5 Ng4 14. Nce4 Nxe3 15. fxe3 Bd5 16. Nc5 Qc8 17. e4 b6 18. exd5 bxc5 19. dxc6 cxd4 20. Bxc4 e6 21. Qe4 Nxc6 22. Rac1 Nxe5 23. Bxe6 Qa8 24. Qh4 h6 25. Nxf7 Nxf7 26. Qe7 Kh7 27. Bxf7 d3 28. Rc7 Bd4+ 29. Kh1 h5 30. Bxg6+ Kxg6 31. Qh7+ Kg5 32. Rg7+ Kh4 33. Rxf8 Rxf8 34. Qxd3 1-0

[Event "Mecklenburg VP-ch op"]
[Site "Neubrandenburg"]
[Date "2018.04.28"]
[Round "1.5"]
[White "Gazizov, Max"]
[Black "Buenz, Heinrich"]
[Result "1-0"]
[WhiteElo "1543"]
[BlackElo "1836"]
[PlyCount "57"]
[EventDate "2018.04.28"]
[EventType "swiss"]
[EventRounds "7"]
[EventCountry "GER"]
[SourceTitle "EXT 2023"]
[Source "ChessBase"]
[SourceDate "2022.10.05"]
[SourceVersion "1"]
[SourceVersionDate "2022.10.05"]
[SourceQuality "1"]

1. d4 Nf6 2. c4 e6 3. Nc3 Be7 4. e4 d6 5. Nf3 Nbd7 6. Be2 0-0 7. 0-0 b6 8. Qc2 c5 9. d5 e5 10. a3 Ne8 11. b4 g6 12. bxc5 Nxc5 13. Bh6 Ng7 14. a4 f5 15. a5 fxe4 16. Nd2 bxa5 17. Ncxe4 Bf5 18. Bd3 Nxd3 19. Qxd3 Qc7 20. f4 Qb6+ 21. Kh1 Rac8 22. fxe5 dxe5 23. d6 Bf6 24. Nxf6+ Rxf6 25. Qd5+ Re6 26. Bxg7 Rc5 27. Qf3 Kxg7 28. g4 Bxg4 29. Qf8# 1-0

[Event "Mecklenburg VP-ch U16"]
[Site "Malchow"]
[Date "2018.02.07"]
[Round "6.4"]
[White "Petrow, Jonas"]
[Black "Gazizov, Max"]
[Result "1-0"]
[WhiteElo "1811"]
[BlackElo "1543"]
[PlyCount "85"]
[EventDate "2018.02.07"]
[EventType "swiss"]
[EventRounds "7"]
[EventCountry "GER"]
[SourceTitle "EXT 2022"]
[Source "ChessBase"]
[SourceDate "2021.10.06"]
[SourceVersion "1"]
[SourceVersionDate "2021.10.06"]
[SourceQuality "1"]

1. d4 Nf6 2. c4 e6 3. Nf3 c5 4. d5 exd5 5. cxd5 d6 6. Nc3 g6 7. e4 Bg7 8. Bd3 0-0 9. 0-0 a6 10. a4 Re8 11. Bg5 Bg4 12. h3 Bxf3 13. Qxf3 Nbd7 14. Qe3 Qc7 15. Bh6 Bh8 16. Kh1 c4 17. Bc2 Rab8 18. f4 b5 19. axb5 axb5 20. Ra7 Qc8 21. Ra5 b4 22. Nb5 Nxd5 23. Qd2 Qd8 24. Ra7 Rxb5 25. Ba4 c3 26. bxc3 Bxc3 27. Qd3 Ra5 28. Rxd7 Qc8 29. exd5 Rxa4 30. Rxd6 Ra2 31. Rc6 Qd7 32. Qc4 Rd2 33. Qa6 Qxd5 34. Rg1 Ra2 35. Qb7 Kh8 36. Rc8 Qe6 37. Rc7 Kg8 38. Rc6 Qe4 39. Rc8 Re2 40. Rxe8+ Qxe8 41. Qb6 Re6 42. Qc5 Qc6 43. Qf8# 1-0